Monuments nouveaux de l'art antique / (Record no. 126087)

MARC details
000 -LEADER
campo de control de longitud fija 00552nam a2200181 4500
001 - NÚMERO DE CONTROL
campo de control 126087
003 - IDENTIFICADOR DE NÚMERO DE CONTROL
campo de control ES-MaACL
005 - FECHA Y HORA DE LA ÚLTIMA TRANSACCIÓN
campo de control 20250904063057.0
007 - CAMPO FIJO DE DESCRIPCIÓN FÍSICA--INFORMACIÓN GENERAL
campo de control de longitud fija t|
008 - DATOS DE LONGITUD FIJA--INFORMACIÓN GENERAL
campo de control de longitud fija 070214s1924 fr r ||||1| fre d
110 1# - ENTRADA PRINCIPAL--NOMBRE DE ENTIDAD CORPORATIVA
Nombre de entidad corporativa o nombre de jurisdicción como elemento de entrada
9 (RLIN) 242199
245 10 - MENCIÓN DEL TÍTULO
Título Monuments nouveaux de l'art antique /
Mención de responsabilidad, etc. S. Reinach.
Número de parte o sección de la obra , . Tome second.
260 ## - PUBLICACIÓN, DISTRIBUCIÓN, ETC.
Lugar de publicación, distribución, etc. Paris :
Nombre del editor, distribuidor, etc. Simon Kra,
Fecha de publicación, distribución, etc. 1924.
300 ## - DESCRIPCIÓN FÍSICA
Extensión 368 p. :
Otras características físicas il. ;
Dimensiones 28 cm.
500 ## - NOTA GENERAL
Nota general En la port.: Courriers de l'art antique de la Gazette des Beaux-Arts.
852 ## - LOCALIZACIÓN
Ubicación ES-MaACL
Número de control de estantería D-8813
Holdings
Estatus retirado Estado de pérdida Estado de daño No para préstamo Biblioteca de origen Biblioteca actual Ubicación en estantería Fecha de adquisición Fuente de adquisición Total de préstamos Signatura topográfica completa Código de barras Visto por última vez Precio de reemplazo Tipo de ítem Koha
        Biblioteca del Ateneo de Madrid Biblioteca del Ateneo de Madrid Sala Valle Inclán 17/01/2008     D-8813 901131335 23/02/2023 23/02/2023 Libro impreso